Marketingový výskum v podnikovej sfére - komplexný prístup na konkrétnom príklade bakalárska práca

Gespeichert in:
Bibliographische Detailangaben
1. Verfasser: Kötelešová, Karolína
Körperschaft: Fakulta podnikového manažmentu EU. Katedra podnikovohospodárska
Weitere Verfasser: Spišiaková, Mária
Format: Buch
Sprache:Slowakisch
Veröffentlicht: Bratislava 2014
Tags: Tag hinzufügen
Keine Tags, Fügen Sie das erste Tag hinzu!

MARC

LEADER 00000nbm a2200000 4500
001 0189628
005 20170201092455.6
041 0 |a slo 
044 |a SK 
245 1 0 |a Marketingový výskum v podnikovej sfére - komplexný prístup na konkrétnom príklade  |b bakalárska práca  |c Karolína Kötelešová ; školiteľ: Mária Spišiaková 
264 1 |a Bratislava  |c 2014 
300 |a 39 s. 
100 1 |a Kötelešová, Karolína 
700 1 |a Spišiaková, Mária 
710 2 |a Fakulta podnikového manažmentu EU. Katedra podnikovohospodárska